| 000 | 00783nam a2200241 a 4500 | ||
|---|---|---|---|
| 001 | BS0002951 | ||
| 003 | BR-BrBNA | ||
| 005 | 20230418192157.0 | ||
| 008 | 230308b |||||||| |||| 00| 0 por d | ||
| 040 |
_aBR-BrBNA _bpor _cBiblioteca Nacional de Agricultura |
||
| 041 | _apor | ||
| 072 | _aB60 | ||
| 090 | _aB60 BS0002951 | ||
| 110 | 1 | _aFundação Alexandre Gusmão. | |
| 245 | 1 | _aBiografias / | |
| 250 | 1 | _a1. ed. | |
| 260 | 3 |
_aBrasília, DF: _bFundação Alexandre Gusmão., _c2009. |
|
| 300 | _a84 p. | ||
| 520 | 3 | _aA presente publicação refere-se a seleção de 55 biografias de personalidades que se destacaram na construção do Brasil e indispensáveis para o conhecimento do país. | |
| 650 | _aBIOGRAFIA | ||
| 909 |
_a202304 _bSergio Santos _c56 _dSergio Santos |
||
| 942 | _cBK | ||
| 999 |
_c8012 _d8012 |
||